|
|
|
|
| LEADER |
03052nam a22005775i 4500 |
| 001 |
978-3-642-15057-9 |
| 003 |
DE-He213 |
| 005 |
20151204185547.0 |
| 007 |
cr nn 008mamaa |
| 008 |
100812s2010 gw | s |||| 0|eng d |
| 020 |
|
|
|a 9783642150579
|9 978-3-642-15057-9
|
| 024 |
7 |
|
|a 10.1007/978-3-642-15057-9
|2 doi
|
| 040 |
|
|
|d GrThAP
|
| 050 |
|
4 |
|a QA76.758
|
| 072 |
|
7 |
|a UMZ
|2 bicssc
|
| 072 |
|
7 |
|a UL
|2 bicssc
|
| 072 |
|
7 |
|a COM051230
|2 bisacsh
|
| 082 |
0 |
4 |
|a 005.1
|2 23
|
| 245 |
1 |
0 |
|a Verified Software: Theories, Tools, Experiments
|h [electronic resource] :
|b Third International Conference, VSTTE 2010, Edinburgh, UK, August 16-19, 2010. Proceedings /
|c edited by Gary T. Leavens, Peter O’Hearn, Sriram K. Rajamani.
|
| 264 |
|
1 |
|a Berlin, Heidelberg :
|b Springer Berlin Heidelberg,
|c 2010.
|
| 300 |
|
|
|a X, 217 p. 68 illus.
|b online resource.
|
| 336 |
|
|
|a text
|b txt
|2 rdacontent
|
| 337 |
|
|
|a computer
|b c
|2 rdamedia
|
| 338 |
|
|
|a online resource
|b cr
|2 rdacarrier
|
| 347 |
|
|
|a text file
|b PDF
|2 rda
|
| 490 |
1 |
|
|a Lecture Notes in Computer Science,
|x 0302-9743 ;
|v 6217
|
| 505 |
0 |
|
|a Invited Talk -- Towards Scalable Modular Checking of User-Defined Properties -- Verification Techniques -- Tressa: Claiming the Future -- Automated Verification of a Small Hypervisor -- Verification of Low-Level Code -- A Rely-Guarantee Proof System for x86-TSO -- Pervasive Verification of an OS Microkernel -- Invited Talk -- The L4.verified Project — Next Steps -- Requirements and Specifications -- An Approach of Requirements Tracing in Formal Refinement -- Dafny Meets the Verification Benchmarks Challenge -- Specifying Reusable Components -- Verification Techniques -- Reusable Verification of a Copying Collector -- To Goto Where No Statement Has Gone Before -- Invited Talk -- The Next 700 Separation Logics -- Locality in Reasoning -- Local Reasoning and Dynamic Framing for the Composite Pattern and Its Clients -- Abstraction and Refinement for Local Reasoning.
|
| 650 |
|
0 |
|a Computer science.
|
| 650 |
|
0 |
|a Software engineering.
|
| 650 |
|
0 |
|a Computer programming.
|
| 650 |
|
0 |
|a Programming languages (Electronic computers).
|
| 650 |
|
0 |
|a Computer logic.
|
| 650 |
|
0 |
|a Mathematical logic.
|
| 650 |
1 |
4 |
|a Computer Science.
|
| 650 |
2 |
4 |
|a Software Engineering/Programming and Operating Systems.
|
| 650 |
2 |
4 |
|a Programming Languages, Compilers, Interpreters.
|
| 650 |
2 |
4 |
|a Programming Techniques.
|
| 650 |
2 |
4 |
|a Software Engineering.
|
| 650 |
2 |
4 |
|a Logics and Meanings of Programs.
|
| 650 |
2 |
4 |
|a Mathematical Logic and Formal Languages.
|
| 700 |
1 |
|
|a Leavens, Gary T.
|e editor.
|
| 700 |
1 |
|
|a O’Hearn, Peter.
|e editor.
|
| 700 |
1 |
|
|a Rajamani, Sriram K.
|e editor.
|
| 710 |
2 |
|
|a SpringerLink (Online service)
|
| 773 |
0 |
|
|t Springer eBooks
|
| 776 |
0 |
8 |
|i Printed edition:
|z 9783642150562
|
| 830 |
|
0 |
|a Lecture Notes in Computer Science,
|x 0302-9743 ;
|v 6217
|
| 856 |
4 |
0 |
|u http://dx.doi.org/10.1007/978-3-642-15057-9
|z Full Text via HEAL-Link
|
| 912 |
|
|
|a ZDB-2-SCS
|
| 912 |
|
|
|a ZDB-2-LNC
|
| 950 |
|
|
|a Computer Science (Springer-11645)
|